Movies Quiz

Random Movies or Song Quiz

Sweet Home Alabama in Movies Quiz Stats

Quiz not verified by Sporcle

Also try: Movie Posters XIII
Challenge
Share
Tweet
Embed
Score 0/15 Timer 04:00
0 Plays Today
Year Movie % Correct
2002Sweet Home Alabama
77.7%
1994Forrest Gump
50.4%
20028 Mile
47.2%
1997Con Air
38%
1985Mask
21.7%
2001Joe Dirt
21.7%
2005Sahara
14.5%
2010Despicable Me
13.9%
Year Movie % Correct
2004The Girl Next Door
12.2%
2003The Texas Chainsaw Massacre
8.1%
1995To Die For
6.4%
1995Crimson Tide
5.5%
1997Excess Baggage
4.6%
1999Outside Providence
1.2%
2008An American Carol
0.9%

You're not logged in!

Compare scores with friends on all Sporcle quizzes.
Sign Up with Email
OR
Log In

You Might Also Like...

Show Comments

Extras

Top Quizzes Today


Score Distribution

Your Account Isn't Verified!

In order to create a playlist on Sporcle, you need to verify the email address you used during registration. Go to your Sporcle Settings to finish the process.